| 000 -LEADER |
| fixed length control field |
00861pab a2200169 454500 |
| 008 - FIXED-LENGTH DATA ELEMENTS--GENERAL INFORMATION |
| fixed length control field |
180718b1999 xxu||||| |||| 00| 0 eng d |
| 100 ## - MAIN ENTRY--PERSONAL NAME |
| Personal name |
Jain, S.P. |
| 245 ## - TITLE STATEMENT |
| Title |
Gram Sabha - task before the nation |
| 260 ## - PUBLICATION, DISTRIBUTION, ETC. |
| Date of publication, distribution, etc. |
1999 |
| 300 ## - PHYSICAL DESCRIPTION |
| Extent |
p.19-24,54 |
| 362 ## - DATES OF PUBLICATION AND/OR SEQUENTIAL DESIGNATION |
| Dates of publication and/or sequential designation |
Oct |
| 520 ## - SUMMARY, ETC. |
| Summary, etc. |
The declaration of the year 1999-2000 as the year of the Gram Sabha signifies the importance which the government attaches to this institution and its resolve to strengthen it in a manner which will facilitate consultation of the process of direct democracy at the village level. The objective of the Government can be successful only through a directed effort. This will call for action not only from the government but also from all sections of the society. - Reproduced |
| 650 ## - SUBJECT ADDED ENTRY--TOPICAL TERM |
| Topical term or geographic name entry element |
Rural development - India |
| 650 ## - SUBJECT ADDED ENTRY--TOPICAL TERM |
| Topical term or geographic name entry element |
Panchayat |
| 773 ## - HOST ITEM ENTRY |
| Main entry heading |
Kurukshetra |
| 909 ## - |
| -- |
42616 |